Zákon o reklame a hospodárska súťaž
Všeobecné požiadavky na reklamu vymedzené v zákone o reklame č.220/1996 Z.z. Šírenie reklamy. Združenie na ochranu etiky. Reklamné právo a hospodárska súťaž - vybrané ustanovenie z Obchodného zákonníku. Právne vzťahy pri výrobe reklamy.
Gespeichert in:
| 1. Verfasser: | |
|---|---|
| Format: | Buchkapitel |
| Sprache: | Slowakisch |
| Schlagworte: | |
| Tags: |
Keine Tags, Fügen Sie das erste Tag hinzu!
|
MARC
| LEADER | 00000naa a2200000 4500 | ||
|---|---|---|---|
| 001 | r025493 | ||
| 005 | 20230912103940.2 | ||
| 041 | 0 | |a slo | |
| 044 | |a SK | ||
| 245 | 1 | 0 | |a Zákon o reklame a hospodárska súťaž |c Imrich Fekete |
| 520 | |a Všeobecné požiadavky na reklamu vymedzené v zákone o reklame č.220/1996 Z.z. Šírenie reklamy. Združenie na ochranu etiky. Reklamné právo a hospodárska súťaž - vybrané ustanovenie z Obchodného zákonníku. Právne vzťahy pri výrobe reklamy. | ||
| 610 | 2 | 0 | |a reklama |
| 610 | 2 | 0 | |a zákony |
| 610 | 2 | 0 | |a Slovensko |
| 610 | 2 | 0 | |a 1996 |
| 610 | 2 | 0 | |a etika |
| 610 | 2 | 0 | |a súťaž hospodárska |
| 100 | 1 | |a Fekete, Imrich | |